Statistics for 250 Largest Cities of the World with letter hints

Click here to take the quiz!

General Stats

  • This quiz has been taken 1,004 times
    (994 since last reset)
  • The average score is 159 of 250

Answer Stats

City % Correct
Hong Kon{g}
96%
Phila{delphia}
95%
Housto{n}
93%
Dalla{s}
93%
Miam{i}
93%
Tokyo
93%
New York
92%
London
92%
Phoeni{x}
92%
Atlant{a}
92%
Seattl{e}
91%
Paris
91%
Bost{on}
90%
Detroi{t}
90%
{L}o{s Angeles}
89%
Moscow
89%
Munic{h}
88%
Delhi
88%
Mexico City
88%
{R}i{o de Janeiro}
88%
Cairo
88%
{S}h{anghai}
87%
Istanbul
87%
San{ Francisco}
86%
Clevelan{d}
86%
Bra{sília}
86%
St. Loui{s}
86%
B{erlin}
86%
Madrid
86%
{M}u{mbai}
86%
San Dieg{o}
86%
B{eijing}
85%
Jakarta
85%
Minneapoli{s}
85%
Denve{r}
84%
R{ome}
84%
Sydney
84%
Portlan{d}
84%
São Paulo
84%
Charlott{e}
83%
Orland{o}
83%
{O}s{aka}
83%
Tamp{a}
83%
Seoul
83%
Xi'a{n}
83%
Bangkok
82%
Manila
82%
Tehran
82%
{B}a{rcelona}
82%
Buenos Aires
82%
Salt Lake Cit{y}
82%
Lima
82%
Milan
82%
Guangzhou
82%
Nanjin{g}
81%
Las Vega{s}
81%
Bogotá
81%
Chongqin{g}
81%
C{hicago}
81%
{S}a{int Petersburg}
80%
Pittsburg{h}
80%
Ham{burg}
80%
Lagos
80%
Johannesburg
80%
Toronto
80%
Wa{shington}
79%
Santiago
79%
Hyde{rabad}
78%
{M}e{lbourne}
78%
San Jua{n}
78%
{H}a{noi}
78%
Hyd{erabad}
78%
K{olkata}
77%
Dhaka
77%
{A}n{kara}
77%
Baghdad
77%
{C}a{pe Town}
77%
Riyadh
77%
Ho Chi Minh City
76%
Kuala Lumpur
76%
Athens
76%
Wuha{n}
76%
{W}a{rsaw}
75%
Stut{tgart}
75%
Caracas
75%
Karachi
75%
Singapore
75%
Kiev
74%
M{anchester}
74%
Nairobi
74%
Salva{dor}
74%
Lisbon
73%
Hangz{hou}
73%
Dubai
73%
Kinshasa
73%
Fr{ankfurt}
73%
Harbi{n}
72%
{A}l{exandria}
72%
Cincinnat{i}
72%
Che{nnai}
72%
Algiers
72%
{B}i{rmingham}
71%
Wenzho{u}
71%
Taipei
71%
V{ancouver}
71%
Ahmed{abad}
70%
Sap{poro}
70%
Budapest
70%
{N}a{ples}
70%
{A}m{sterdam}
69%
Jaipu{r}
69%
Pun{e}
69%
Reci{fe}
68%
Shenyan{g}
68%
{M}o{ntreal}
68%
Sura{t}
67%
Addis Ababa
67%
Sana'a
67%
{G}u{adalajara}
67%
Casablanca
67%
{L}a{hore}
66%
Be{ngaluru}
66%
Bucharest
66%
Dakar
66%
Zhengzho{u}
66%
Qingda{o}
66%
Vienna
66%
Pe{rth}
66%
Nannin{g}
65%
Chen{gdu}
65%
{C}o{logne / Dusseldorf}
65%
Lanzho{u}
65%
Stockholm
65%
Khartoum
64%
Damascus
64%
Fuzho{u}
64%
Ürümq{i}
64%
Kabul
64%
Luanda
63%
Manau{s}
63%
Ab{uja}
63%
Kunmin{g}
63%
Changzho{u}
62%
Tunis
62%
Changchu{n}
62%
{Q}u{ito}
61%
Patn{a}
61%
Accra
61%
Nagpu{r}
61%
Nanchan{g}
61%
Belé{m}
60%
Taiyua{n}
60%
Wux{i}
60%
Luckno{w}
60%
Xia{men}
60%
Fortal{eza}
60%
{M}e{dellín}
59%
Shanto{u}
59%
Ti{anjin}
59%
Hefe{i}
59%
Dalia{n}
58%
B{risbane}
58%
Dar es Salaam
58%
Pyongyang
58%
B{elo Horizonte}
58%
Ningb{o}
58%
Shijiazhuan{g}
57%
Havana
57%
Tel Aviv-Jaffa
57%
Xuzho{u}
56%
Bhopa{l}
56%
Curitib{a}
56%
Guatemala City
56%
N{agoya}
56%
M{onterrey}
55%
Jina{n}
55%
Changsh{a}
55%
Huizho{u}
55%
Santo Domingo
54%
Amman
54%
{B}u{san}
53%
Tangsha{n}
53%
Campina{s}
53%
Yangon
52%
{J}e{ddah}
52%
D{urban}
52%
Guiyan{g}
52%
Kanpu{r}
52%
Taizho{u}
50%
Jiangyi{n}
49%
Colombo
49%
Kathmandu
49%
Cix{i}
48%
Abidjan
48%
Port-au-Prince
48%
Rotterdam
48%
Po{rto Alegre}
48%
Kampala
48%
C{ali}
48%
Zib{o}
48%
Coimbator{e}
47%
Lusaka
47%
Multa{n}
47%
Indor{e}
46%
I{zmir}
45%
Ansha{n}
45%
Le{eds}
45%
Kuwait City
45%
Harare
44%
Bamako
43%
{K}a{no}
43%
Tashkent
43%
S{urabaya}
43%
Asunción
42%
Maputo
42%
Goiâni{a}
42%
Baku
41%
{C}h{ittagong}
41%
Fu{kuoka}
40%
{Y}a{oundé}
40%
Antananarivo
39%
{B}a{ndung}
39%
Guayaquil
38%
Bhila{i}
37%
{A}l{eppo}
37%
{C}e{bu}
35%
Me{dan}
34%
Yanta{i}
34%
Pu{ebla}
32%
Baoto{u}
30%
I{sfahan}
29%
I{badan}
28%
F{aisalabad}
28%
D{aegu}
27%
Douala
27%
Ra{walpindi}
26%
Conakry
25%
{M}e{shed}
25%
Okay{ama}
25%
{M}a{racaibo}
24%
Ouagadougou
24%
Por{t Harcourt}
22%
Tol{uca}
22%
{K}a{ohsiung}
22%
The Ruhr
21%
D{ammam}
19%
Katowice
18%
{K}u{masi}
17%
Gujr{anwala}
14%
T{aichung}
11%

Score Distribution

Percentile by Number Answered

Percent of People with Each Score

Your Score History

You have not taken this quiz since the last reset